Movies Quiz

Random Movies or Actor Quiz

Movie Moms Quiz Stats

 Plays Quiz Updated Mar 5, 2012

Also try: Celebrity Mothers
Challenge
Share
Tweet
Embed
Score 0/50 Timer 10:00
1 Play Today
'Mom' Portrayer Movie % Correct
Kim Basinger8 Mile
83.8%
Jamie Lee CurtisFreaky Friday
71.8%
Lea ThompsonBack to the Future
67.4%
Catherine O'HaraHome Alone
64.8%
Sally FieldForrest Gump
63.3%
Barbra StreisandMeet the Fockers
61.3%
Allison JanneyJuno
59.6%
John TravoltaHairspray
55.4%
Toni ColletteThe Sixth Sense
53.6%
Meryl StreepMamma Mia!
50.8%
Mo'NiquePrecious
50.3%
Jennifer CoolidgeAmerican Pie
49.5%
Renée ZellwegerJerry Maguire
42.3%
Kathy BatesThe Waterboy
42.3%
Amy PoehlerMean Girls
40%
Annette BeningAmerican Beauty
35.8%
Bonnie HuntCheaper by the Dozen
35.5%
Piper LaurieCarrie
31.4%
CherMask
31.3%
Mary McDonnellDonnie Darko
28.6%
Linda HamiltonTerminator 2
28.6%
Jane SeymourWedding Crashers
25.9%
Diane KeatonFather of the Bride
23.1%
Beverly D'AngeloVacation
22.8%
Jane FondaMonster-in-Law
22.7%
'Mom' Portrayer Movie % Correct
Anne BancroftThe Graduate
22.3%
Frances McDormandAlmost Famous
20.3%
Winona RyderStar Trek
19.6%
Anjelica HustonThe Royal Tenenbaums
17.2%
Holly Hunter*The Incredibles
16.3%
Helen MirrenNational Treasure 2
16.3%
Mary Tyler MooreOrdinary People
16.3%
Dianne WiestEdward Scissorhands
15.2%
Susan SarandonElizabethtown
15.1%
Anne RamseyThrow Momma from the Train
14.3%
Faye DunawayMommie Dearest
13.8%
Angelina Jolie*Beowulf
13.4%
Felicity HuffmanTransamerica
13.2%
Teri Hatcher*Coraline
11.4%
JoBeth WilliamsPoltergeist
11.3%
Glenn CloseHamlet
9.6%
Jodie FosterLittle Man Tate
9.3%
Debbie ReynoldsMother
9.1%
Jessica LangeBig Fish
8.3%
Jane KaczmarekPleasantville
8.2%
Angela LansburyThe Manchurian Candidate
7.4%
Shirley MacLaineBewitched
6.5%
Katharine HepburnThe Lion in Winter
5.8%
Elizabeth TaylorThe Flintstones
4.9%
Kathleen TurnerSerial Mom
4.4%

You're not logged in!

Compare scores with friends on all Sporcle quizzes.
Join for Free
OR
Log In

You Might Also Like...

Show Comments

Extras

Top Quizzes Today


Score Distribution

Your Account Isn't Verified!

In order to create a playlist on Sporcle, you need to verify the email address you used during registration. Go to your Sporcle Settings to finish the process.

Report this User

Report this user for behavior that violates our Community Guidelines.

Details: